000
00315nam a2200133Ia 4500
100
_a
Walkenbach/J/ Robinson/ P.
942
_c
BK
654
_a
Windows hd book
245
_a
1-2-3- for Windows Complete hd. bk. Pc world
260
_b
Galgotia
_a
New Delhi
_c
1992
300
_a
680
546
_a
ENGLISH
999
_c
26564
_d
26564